|
|
|
|
| LEADER |
00000nam0a2200000 4500 |
| 001 |
153628 |
| 005 |
20231031151454.0 |
| 010 |
|
|
|a 9785976501409
|
| 010 |
|
|
|a 978-5-9770-0295-0
|
| 035 |
|
|
|a (RuTPU)RU\TPU\book\166663
|
| 090 |
|
|
|a 153628
|
| 100 |
|
|
|a 20090213d2008 m y0rusy50 ca
|
| 101 |
0 |
|
|a rus
|
| 102 |
|
|
|a RU
|
| 105 |
|
|
|a a j 001zy
|
| 200 |
1 |
|
|a Финансовый менеджмент
|e учебное пособие
|f М. И. Черутова
|g Российская академия образования (РАО) ; Московский психолого-социальный институт (МПСИ)
|
| 205 |
|
|
|a 2-е изд., испр.
|
| 210 |
|
|
|a Москва
|c Флинта
|c МПСИ
|d 2008
|
| 215 |
|
|
|a 104 с.
|c ил.
|
| 225 |
1 |
|
|a Экономика и управление
|
| 320 |
|
|
|a Библиогр.: с. 101.
|
| 330 |
|
|
|a В пособии рассматриваются сущность и содержание финансового менеджмента; вопросы выбора источников финансирования, регулирования прибыли, ее распределения; проблемы управления текущими активами фирмы. Для студентов и аспирантов экономических факультетов вузов, а также для руководителей предприятий и финансовых работников.
|
| 333 |
|
|
|a Исключено из фонда НТБ ТПУ
|
| 686 |
|
|
|a У9(2)261.11я73
|v LBC/SL-A
|2 rubbk
|
| 700 |
|
1 |
|a Черутова
|b М. И.
|g Марина Ивановна
|
| 712 |
0 |
2 |
|a Российская академия образования (РАО)
|2 stltpush
|3 (RuTPU)RU\TPU\col\1542
|
| 712 |
0 |
2 |
|a Московский психолого-социальный институт (МПСИ)
|2 stltpush
|3 (RuTPU)RU\TPU\col\10702
|
| 801 |
|
1 |
|a RU
|b 63413507
|c 20090213
|g PSBO
|
| 801 |
|
2 |
|a RU
|b 63413507
|c 20210204
|g PSBO
|
| 942 |
|
|
|c BK
|
| 959 |
|
|
|a 25/20090211
|d 2
|e 0
|f ЧЗГЛ:1
|f АНЛ:1
|